00419 2200169 4500001002100000008004100021035002000062082000800082084001400090100001800104245004500122250000600167260003800173300001200211650001400223990001200237INLIS000000000001054 ind  a0010-0524000289 a900 a900 ANO s aWhani W, Anom aSoekarno Sang Guru BangsacAnom Whani W. a1 aYogyakarta :bC. Klik Mediac2018 a210 hlm aNon Fiksi a0744032